Stato e chiesa negli scritti politici dalla fine della lotta per le investiture sino alla morte di Lucovico il Bavaro <1122-1347>; (Record no. 34860)

MARC details
000 -LEADER
fixed length control field 01045cam a22002531 4500
001 - CONTROL NUMBER
control field it 01000261
003 - CONTROL NUMBER IDENTIFIER
control field DLC
005 - DATE AND TIME OF LATEST TRANSACTION
control field 20260227111518.0
008 - FIXED-LENGTH DATA ELEMENTS--GENERAL INFORMATION
fixed length control field 941022s1882 it 000 0 ita
010 ## - LIBRARY OF CONGRESS CONTROL NUMBER
LC control number it 01000261
035 ## - SYSTEM CONTROL NUMBER
System control number (OCoLC)31328071
040 ## - CATALOGING SOURCE
Original cataloging agency DLC
Transcribing agency IEN
Modifying agency DLC
042 ## - AUTHENTICATION CODE
Authentication code premarc
050 00 - LIBRARY OF CONGRESS CALL NUMBER
Classification number AS222
Item number .F5 no. 13
100 1# - MAIN ENTRY--PERSONAL NAME
Personal name Scaduto, Francesco,
Dates associated with a name 1859-
245 10 - TITLE STATEMENT
Title Stato e chiesa negli scritti politici dalla fine della lotta per le investiture sino alla morte di Lucovico il Bavaro <1122-1347>;
Statement of responsibility, etc. studio storico di Francesco Scaduto ...
260 ## - PUBLICATION, DISTRIBUTION, ETC.
Place of publication, distribution, etc. Firenze,
Name of publisher, distributor, etc. Coi tipi dei successori Le Monnier,
Date of publication, distribution, etc. 1882.
300 ## - PHYSICAL DESCRIPTION
Extent iv, 148 p., 2 l.
Dimensions 27 cm.
490 1# - SERIES STATEMENT
Series statement Pubblicazioni del R. Istituto di studi superiori pratici e di perfezionamento in Firenze. Sezione di filosofia e filologia
Volume/sequential designation [no. 13]
500 ## - GENERAL NOTE
General note Series note also on verso of t.-p.
650 #0 - SUBJECT ADDED ENTRY--TOPICAL TERM
Topical term or geographic name entry element Church and state.
651 #0 - SUBJECT ADDED ENTRY--GEOGRAPHIC NAME
Geographic name Europe
General subdivision History
Chronological subdivision 476-1492.
810 2# - SERIES ADDED ENTRY--CORPORATE NAME
Corporate name or jurisdiction name as entry element Università di Firenze.
Subordinate unit Facoltà di lettere e filosofia.
Title of a work Pubblicazioni ;
Volume/sequential designation no. 13.

No items available.

Powered by Koha